[Event "Cuiaba Contaud op"]
[Site "Cuiaba"]
[Date "2024.11.23"]
[Round "3"]
[White "Monteiro, Pedro Dos Santos"]
[Black "Pauli, Osmar"]
[Result "0-1"]
[WhiteElo "1800"]
[BlackElo "1823"]
[PlyCount "64"]
[EventDate "2024.11.22"]
[EventType "swiss"]
[EventRounds "6"]
[EventCountry "BRA"]
[SourceTitle "CB49_2024"]
[SourceDate "2024.12.04"]
[SourceVersion "1"]
[SourceVersionDate "2024.12.04"]
[SourceQuality "1"]

1. e4 e5 2. Bc4 Bc5 3. Qf3 Qf6 4. Qh5 Qxf2+ 5. Kd1 Nc6 6. Qxf7+ Qxf7 7. Bxf7+ Kxf7 8. Nh3 Nf6 9. Ng5+ Kg8 10. a3 h6 11. Nf3 Nxe4 12. Re1 Nf2+ 13. Ke2 Ng4 14. h3 Nf6 15. Nc3 d6 16. Nb5 Bb6 17. g4 a6 18. Nc3 Nd4+ 19. Ke3 Nxc2+ 20. Ke2 Nxa1 21. Kd1 Kh7 22. g5 Nh5 23. gxh6 gxh6 24. Nd5 Rf8 25. Ng1 Bxg1 26. Rxg1 Bxh3 27. Nxc7 Rac8 28. Nd5 Rf1+ 29. Rxf1 Bxf1 30. Ke1 Bc4 31. Ne7 Rf8 32. Kd1 Rf1# 0-1

[Event "Cuiaba Contaud op"]
[Site "Cuiaba"]
[Date "2024.11.23"]
[Round "4"]
[White "Pauli, Osmar"]
[Black "Da Costa, Gabriel Magalhaes"]
[Result "0-1"]
[WhiteElo "1823"]
[BlackElo "1731"]
[PlyCount "95"]
[EventDate "2024.11.22"]
[EventType "swiss"]
[EventRounds "6"]
[EventCountry "BRA"]
[SourceTitle "CB49_2024"]
[SourceDate "2024.12.04"]
[SourceVersion "1"]
[SourceVersionDate "2024.12.04"]
[SourceQuality "1"]

1. e4 c5 2. Bc4 e6 3. Nf3 Nc6 4. a3 Nf6 5. d3 d5 6. exd5 exd5 7. Bb5 Be7 8. Bg5 0-0 9. Nc3 Nd4 10. h3 Nxb5 11. Nxb5 Qa5+ 12. Nc3 d4 13. b4 cxb4 14. Qe2 bxa3 15. 0-0 Qc5 16. Bxf6 Bxf6 17. Ne4 Qe7 18. Nxf6+ Qxf6 19. Rxa3 Rd8 20. Ra4 Bf5 21. Re1 h6 22. Qe5 Qxe5 23. Rxe5 Bg6 24. Rxd4 Kf8 25. Red5 Rxd5 26. Rxd5 Ke7 27. g4 f6 28. Rc5 Kd6 29. Rc4 a5 30. Rd4+ Kc7 31. Rc4+ Kd6 32. Rd4+ Ke7 33. Ra4 b5 34. Ra1 Kd6 35. Nd4 b4 36. Nb5+ Kc5 37. Nc7 Ra7 38. Ne6+ Kb5 39. Nd4+ Kb6 40. Rb1 Rd7 41. Ne6 Kb5 42. Nf8 Rc7 43. Nxg6 Rxc2 44. Ne7 a4 45. Nd5 a3 46. Ne3 Rd2 47. Nc4 Rxd3 48. Nxa3+ 0-1